|
|
|
|
| LEADER |
00000nam0a2200000 4500 |
| 001 |
325297 |
| 005 |
20231102003742.0 |
| 035 |
|
|
|a (RuTPU)RU\TPU\book\350910
|
| 090 |
|
|
|a 325297
|
| 100 |
|
|
|a 20161202d1963 km y0rusy50 ca
|
| 101 |
0 |
|
|a rus
|
| 102 |
|
|
|a RU
|
| 105 |
|
|
|a a z 001zy
|
| 200 |
1 |
|
|a Мы строим. Жизнь и труд народа в произведениях художников РСФСР
|e подборка репродукций
|f авт. послесл. В. Ольшевский
|
| 210 |
|
|
|a Ленинград
|c Художник РСФСР
|d 1963
|
| 215 |
|
|
|a 26 с.
|c ил.
|
| 320 |
|
|
|a Перечень иллюстраций: с. 26
|
| 606 |
1 |
|
|a Изобразительное искусство
|2 stltpush
|3 (RuTPU)RU\TPU\subj\12291
|9 39102
|
| 610 |
1 |
|
|a репродукции
|
| 610 |
1 |
|
|a альбомы
|
| 610 |
1 |
|
|a живопись
|
| 610 |
1 |
|
|a графика
|
| 610 |
1 |
|
|a советское искусство
|
| 610 |
1 |
|
|a 20 век
|
| 675 |
|
|
|a 7(084)
|v 4
|
| 702 |
|
1 |
|a Ольшевский
|b В.
|4 075
|
| 801 |
|
1 |
|a RU
|b 63413507
|c 20161202
|
| 801 |
|
2 |
|a RU
|b 63413507
|c 20200618
|g RCR
|
| 942 |
|
|
|c BK
|